000 00673nam a2200205 a 4500
001 BRCA_1239
005 20190320203336.0
008 910221s1988 mx-a---##b---#000-0bspa-#
020 _a9686119027
040 _aDLC
_cDLC
050 4 _aBX4705
_b.T37 1988
100 1 _aTapia Méndez, Aureliano
_94073
245 1 0 _aFray José María de Jesús Belaunzarán y Ureña
_cAureliano Tapia Méndez y Luis Avila Blancas.
260 _aMonterrey, N.L.
_bProducciones al Voleo-El Troquel
_c1988
300 _a119 p.
_bil.
_c23 cm.
504 _aBibliografía: p. 65-66
610 2 4 _aFranciscanos
_xBiografía.
_zMéxico
_94074
700 1 _aAvila Blancas, Luis
_94075
942 _2lcc
_cB
999 _c1109
_d1109